[Event "10th EICC"]
[Site "Budva MNE"]
[Date "2009.03.07"]
[Round "2"]
[White "Kojovic,D"]
[Black "Papp,P"]
[Result "1-0"]
[WhiteElo "2403"]
[BlackElo "2134"]
[EventDate "2009.03.06"]

1. e4 c5 2. Nf3 d6 3. d4 cxd4 4. Nxd4 Nf6 5. Nc3 a6 6. Be3 e5 7. Nde2 Be6
8. f4 Nbd7 9. Qd2 b5 10. Ng3 Qa5 11. f5 Bc4 12. Bxc4 bxc4 13. O-O Be7 14.
Rfd1 Qc7 15. h3 O-O 16. b4 Rfd8 17. Rab1 Nb6 18. Qf2 Rab8 19. Bg5 Qc6 20.
Bxf6 Bxf6 21. Qf3 a5 22. a3 axb4 23. axb4 Ra8 24. Nh5 Kf8 25. Nxf6 gxf6 26.
Qe3 Ra3 27. b5 Qb7 28. Qh6+ Ke7 29. Qe3 Rxc3 30. Qxc3 Qxe4 31. Ra1 Qxf5 32.
Ra6 Qc8 33. Qa3 Qb8 34. Qa5 Nc8 35. Ra8 Qb7 36. Qa6 Qc7 37. Rb1 Qc5+ 38.
Kh1 Rg8 39. Qc6 Qxc6 40. bxc6 Kd8 41. Rb7 1-0

[Event "10th EICC"]
[Site "Budva MNE"]
[Date "2009.03.07"]
[Round "2"]
[White "Certic,B"]
[Black "Zdravkovic,DS"]
[Result "1-0"]
[WhiteElo "2398"]
[BlackElo "2130"]
[EventDate "2009.03.06"]

1. e4 e5 2. Nf3 Nc6 3. Nc3 Bc5 4. Nxe5 Bxf2+ 5. Kxf2 Nxe5 6. d4 Ng6 7. Be2
d6 8. Rf1 N8e7 9. Kg1 c6 10. Be3 d5 11. exd5 Nxd5 12. Nxd5 Qxd5 13. Bf3 Qd7
14. d5 Ne5 15. dxc6 bxc6 16. Bc5 f6 17. Bh5+ Kd8 18. Bd4 Ng6 19. c3 Kc7 20.
Qa4 Kb8 21. Rad1 Qc7 22. Bc5 Rd8 23. Rxd8 Qxd8 24. Qb4+ Bb7 25. Bd6+ 1-0

[Event "10th EICC"]
[Site "Budva MNE"]
[Date "2009.03.07"]
[Round "2"]
[White "Pilaj,H"]
[Black "Bozinovic,Bob"]
[Result "1/2-1/2"]
[WhiteElo "2393"]
[BlackElo "2095"]
[EventDate "2009.03.06"]

1. Nf3 Nf6 2. c4 c5 3. Nc3 g6 4. e4 d6 5. d4 cxd4 6. Nxd4 Bg7 7. Be2 O-O 8.
O-O Nc6 9. Be3 Nxd4 10. Bxd4 Be6 11. Qd2 Qa5 12. Rad1 Rfc8 13. b3 Nd7 14.
Bxg7 Kxg7 15. f4 Qc5+ 16. Kh1 Nb6 17. f5 gxf5 18. exf5 Bd7 19. Nd5 Nxd5 20.
Qg5+ Kh8 21. Rxd5 f6 22. Qh6 Qc7 23. Rd4 Rg8 24. Rh4 Rg7 25. Qe3 Qc5 26.
Qxc5 dxc5 27. Bf3 Rb8 28. Bd5 b6 29. Re4 Bc8 30. g3 Bb7 31. Bxb7 Rxb7 32.
Rd1 Kg8 33. Kg2 Kf7 34. Kf3 Rg8 35. Rh4 Rh8 36. Re4 Rc8 37. Rd5 Re8 38. Rh4
Kg7 39. Rg4+ Kf7 40. Rh4 Kg7 41. Re4 Kf7 42. Re6 Rg8 43. Rc6 Re8 44. Rd2
Rg8 45. Kf4 Re8 46. Re6 Rg8 47. Re3 Rc8 48. Rd5 Rbc7 49. Red3 Ke8 50. g4
Kf7 51. h4 h6 52. Rd8 a6 53. R8d5 b5 54. Rc3 b4 55. Re3 a5 56. Re6 Ra8 57.
Re3 a4 58. Red3 axb3 59. axb3 Ra1 60. Re3 Rf1+ 61. Rf3 Rh1 62. Kg3 Rg1+ 63.
Kf4 Rh1 64. Kg3 1/2-1/2

[Event "10th EICC"]
[Site "Budva MNE"]
[Date "2009.03.07"]
[Round "2"]
[White "Kandic,Milo"]
[Black "Berbatov,K"]
[Result "0-1"]
[WhiteElo "2075"]
[BlackElo "2392"]
[EventDate "2009.03.06"]

1. e4 c5 2. Nf3 d6 3. c3 Nf6 4. Bc4 Nxe4 5. Qa4+ Nc6 6. Bxf7+ Kxf7 7. Qxe4
Qd7 8. O-O Qf5 9. Qe2 g6 10. d4 cxd4 11. cxd4 Bg7 12. Nc3 Bxd4 13. Nxd4
Nxd4 14. Qc4+ Ne6 15. Re1 Bd7 16. Be3 b5 17. Qb3 Qg4 18. h3 Qc4 19. Qd1 b4
20. Ne2 Rhc8 21. Nd4 Nxd4 22. Bxd4 Bc6 23. Be3 Qe4 24. f3 Qd5 25. Qe2 Bb5
26. Qf2 a5 27. Qh4 Qh5 28. Qf4+ Kg8 29. Rac1 Rxc1 30. Rxc1 Rf8 31. Qe4 Qf5
32. Qb7 Qe5 33. Bh6 Re8 34. Qa7 g5 35. Qxa5 Qe3+ 36. Kh2 Qf4+ 37. Kg1 Qxc1+
38. Kh2 Qc5 39. f4 gxf4 40. Bxf4 Rc8 41. Bg3 Bf1 0-1

[Event "10th EICC"]
[Site "Budva MNE"]
[Date "2009.03.07"]
[Round "2"]
[White "Pankov,Ger"]
[Black "Berke,A"]
[Result "1-0"]
[WhiteElo "2392"]
[BlackElo "2081"]
[EventDate "2009.03.06"]

1. d4 Nf6 2. Bg5 c5 3. d5 b5 4. Bxf6 exf6 5. e4 Qa5+ 6. Nd2 g6 7. a4 bxa4
8. c3 d6 9. Nc4 Qc7 10. Qxa4+ Bd7 11. Qb3 Bg7 12. Qb7 Qxb7 13. Nxd6+ Ke7
14. Nxb7 Re8 15. Bd3 f5 16. exf5 Bxf5 17. Bxf5 gxf5 18. Nf3 Nd7 19. O-O-O
Kf8 20. Rhe1 Reb8 21. Na5 Rb5 22. Nc4 a5 23. Kc2 a4 24. Nh4 f4 25. Nf5 Bf6
26. Ra1 Rbb8 27. Re4 Ra6 28. Nfd6 Be7 29. Nf5 Bf6 30. Rxf4 Re8 31. Nfd6
Re2+ 32. Kd3 Re7 33. Ne4 Bg7 34. Rf5 h6 35. d6 Ne5+ 36. Nxe5 Rxe5 37. Rxe5
Bxe5 38. d7 Ra8 39. Kc4 Rd8 40. Nxc5 Bd6 41. Rd1 1-0

[Event "10th EICC"]
[Site "Budva MNE"]
[Date "2009.03.07"]
[Round "2"]
[White "Simic,V"]
[Black "Lekic,D"]
[Result "1-0"]
[WhiteElo "2064"]
[BlackElo "2390"]
[EventDate "2009.03.06"]

1. e4 c5 2. Nf3 d6 3. d4 cxd4 4. Qxd4 Nc6 5. Bb5 Bd7 6. Bxc6 Bxc6 7. Nc3 e6
8. Bg5 Nf6 9. O-O-O Be7 10. Qd3 Qa5 11. Kb1 Rc8 12. h4 Qa6 13. Qe3 b5 14.
Rhe1 Ba8 15. Qd3 Rb8 16. Nd4 Qa5 17. Ndxb5 O-O 18. Nd4 Qb6 19. Bc1 Nd7 20.
h5 Rfc8 21. Qg3 Bf8 22. f4 Qc5 23. Ka1 Nf6 24. h6 g6 25. f5 e5 26. Nb3 Qb4
27. Qh4 Nd7 28. fxg6 fxg6 29. Qg4 Nc5 30. Nxc5 Rxc5 31. Qe6+ Kh8 32. Qf6+
Kg8 33. Qe6+ Kh8 34. Na4 Rxc2 35. Bg5 Bxh6 36. Bxh6 Rf2 37. Bg5 Rbf8 38.
Qb3 Qxb3 39. axb3 Rxg2 40. Be7 Rf4 41. Bxd6 Rxe4 42. Bxe5+ Kg8 43. Rd8+ Kf7
44. Rf1+ 1-0

[Event "10th EICC"]
[Site "Budva MNE"]
[Date "2009.03.07"]
[Round "2"]
[White "Vukovic,K"]
[Black "Schmidt,Rau"]
[Result "0-1"]
[WhiteElo "2055"]
[BlackElo "2382"]
[EventDate "2009.03.06"]

1. e4 e6 2. d4 d5 3. Nc3 Bb4 4. exd5 exd5 5. Nf3 Nf6 6. Bg5 O-O 7. Ne5 c5
8. Be2 Qa5 9. O-O Bxc3 10. bxc3 Ne4 11. Be7 Re8 12. Bh4 Nxc3 13. Qd3 cxd4
14. f4 Nc6 15. Bh5 g6 16. Nxg6 Re3 17. Ne7+ Nxe7 18. Qxd4 Qb6 19. Qxb6 axb6
20. Bf6 Nf5 21. g4 Ne4 22. Bd8 Ng7 23. Bxb6 Re2 24. f5 Bd7 25. f6 Ne6 26.
g5 Rxc2 27. h4 Ng3 28. Bd1 Rcxa2 29. Rxa2 Rxa2 30. Re1 Nf4 31. Bf2 Ne4 0-1

[Event "10th EICC"]
[Site "Budva MNE"]
[Date "2009.03.07"]
[Round "2"]
[White "Reutsky,S"]
[Black "Gazvoda,F"]
[Result "1-0"]
[WhiteElo "2381"]
[BlackElo "2065"]
[EventDate "2009.03.06"]

1. e4 c5 2. Nf3 e6 3. d4 cxd4 4. Nxd4 Nf6 5. Nc3 Nc6 6. Nxc6 bxc6 7. e5 Nd5
8. Ne4 Qc7 9. f4 Ba6 10. c4 Bb4+ 11. Kf2 Qb6+ 12. Kf3 f5 13. Ng3 Nc7 14. a3
Be7 15. b4 c5 16. b5 Bb7+ 17. Kf2 O-O 18. a4 a5 19. Be2 Rfd8 20. Qc2 Ne8
21. Be3 d6 22. Rad1 Rd7 23. Rd2 Rad8 24. Rhd1 g6 25. exd6 Bf6 26. Qb3 e5
27. fxe5 Bxe5 28. Bg5 f4 29. Nf1 Nf6 30. Bf3 Kg7 31. Kg1 h6 32. Bh4 g5 33.
Bf2 Ne4 34. Bxe4 Bxe4 35. Re1 Qb7 36. Rde2 Bxg2 37. Rxe5 Bxf1 38. Rxf1 Rxd6
39. Rfe1 R8d7 40. Qc3 Kf7 41. Qh3 Rd1 42. Qh5+ Kg7 43. Rxd1 1-0

[Event "10th EICC"]
[Site "Budva MNE"]
[Date "2009.03.07"]
[Round "2"]
[White "Petovic,L"]
[Black "Chudinovskikh,A"]
[Result "0-1"]
[WhiteElo "2052"]
[BlackElo "2379"]
[EventDate "2009.03.06"]

1. d4 Nf6 2. Nf3 c5 3. Bg5 cxd4 4. Qxd4 Nc6 5. Qa4 b5 6. Qh4 Qa5+ 7. Bd2 b4
8. e3 d5 9. Bd3 e5 10. Ng5 Be7 11. e4 h6 12. exd5 Qxd5 13. O-O Nd4 14. Ne4
Bf5 15. Bxb4 Bxb4 16. Nxf6+ gxf6 17. Bxf5 Ne2+ 18. Kh1 Nf4 19. f3 Rd8 20.
g3 Qxf3+ 0-1

[Event "10th EICC"]
[Site "Budva MNE"]
[Date "2009.03.07"]
[Round "2"]
[White "Lamoureux,C"]
[Black "Dinter,B"]
[Result "1-0"]
[WhiteElo "2374"]
[BlackElo "2055"]
[EventDate "2009.03.06"]

1. e4 c6 2. Nc3 d5 3. Nf3 Bg4 4. h3 Bxf3 5. Qxf3 Nf6 6. d3 e6 7. a3 Nbd7 8.
g3 d4 9. Nb1 Qb6 10. Nd2 Be7 11. Qe2 e5 12. h4 O-O-O 13. Bh3 Kb8 14. h5 h6
15. Nf3 Nh7 16. Bxd7 Rxd7 17. Nxe5 Rc7 18. Nc4 Qc5 19. Bf4 Ng5 20. Bxc7+
Kxc7 21. f4 Ne6 22. O-O Rg8 23. Kh2 Kc8 24. b4 Qb5 25. Ne5 g5 26. hxg6 fxg6
27. Qg4 1-0

[Event "10th EICC"]
[Site "Budva MNE"]
[Date "2009.03.07"]
[Round "2"]
[White "Karisik,N"]
[Black "Erturan,Y"]
[Result "0-1"]
[WhiteElo "2023"]
[BlackElo "2372"]
[EventDate "2009.03.06"]

1. e4 e5 2. Nf3 Nc6 3. Bb5 Nd4 4. Nxd4 exd4 5. O-O c6 6. Bc4 Nf6 7. e5 d5
8. Bb3 Ng8 9. c3 dxc3 10. bxc3 g6 11. d4 Bg7 12. Ba3 Ne7 13. Nd2 O-O 14. c4
Re8 15. cxd5 cxd5 16. Rc1 Nc6 17. Ba4 Bd7 18. Nb3 Nxe5 19. Nc5 Bxa4 20.
Qxa4 Nc4 21. Nxb7 Qb6 22. Rxc4 dxc4 23. Nd6 Red8 24. Bc5 Qc7 25. Nb5 Qc6
26. Qa5 a6 27. Nc7 Rac8 28. Nxa6 Bxd4 29. Bxd4 Rxd4 30. Nb4 Qe4 31. Qa6
Rcd8 32. h3 c3 33. a3 c2 34. Nxc2 Qxc2 0-1

[Event "10th EICC"]
[Site "Budva MNE"]
[Date "2009.03.07"]
[Round "2"]
[White "Onoprienko,V"]
[Black "Mikavica,D"]
[Result "1-0"]
[WhiteElo "2372"]
[BlackElo "2034"]
[EventDate "2009.03.06"]

1. e4 e6 2. Nf3 c5 3. Nc3 a6 4. d4 cxd4 5. Nxd4 Nc6 6. Nxc6 bxc6 7. Bd3 Rb8
8. O-O d5 9. Qe2 d4 10. Nb1 a5 11. a4 Ne7 12. Na3 e5 13. Nc4 Ng6 14. Qh5
Bd6 15. g3 Bc7 16. f4 exf4 17. gxf4 O-O 18. b3 Be6 19. Bd2 Bxc4 20. Bxc4
Qe7 21. Rae1 Qh4 22. Qf3 Kh8 23. Re2 Qe7 24. Bd3 Bd6 25. e5 Bb4 26. Bxb4
axb4 27. Qh5 Qc5 28. Rg2 Rbe8 29. Rg5 Re6 30. h4 Qe7 31. f5 Nf4 32. Rxf4
Rxe5 33. Rxg7 Re1+ 34. Kh2 Re2+ 35. Bxe2 1-0

[Event "10th EICC"]
[Site "Budva MNE"]
[Date "2009.03.07"]
[Round "2"]
[White "Sidorenko,I"]
[Black "Draskovic,L"]
[Result "1/2-1/2"]
[WhiteElo "2370"]
[BlackElo "1983"]
[EventDate "2009.03.06"]

1. e4 c5 2. Nf3 d6 3. Nc3 Nf6 4. d4 cxd4 5. Nxd4 Nc6 6. Bg5 e6 7. Qd2 Be7
8. O-O-O Nxd4 9. Qxd4 O-O 10. f4 Qa5 11. Bc4 Bd7 12. e5 dxe5 13. fxe5 Bc6
14. Bd2 Nd7 15. Nd5 Qd8 16. Nxe7+ Qxe7 17. Rhe1 Nb6 18. Bd3 Rfd8 19. Qg4
Rxd3 20. cxd3 Ba4 21. Kb1 Bxd1 22. Rxd1 Rc8 23. Be3 Nd5 24. Bg5 Qd7 25. Bh6
g6 26. Rc1 Rxc1+ 27. Bxc1 b5 28. Bh6 a5 29. Qd4 Qc7 30. a3 a4 31. g3 Qe7
32. h4 Qc7 33. Bg5 Kg7 34. Bf6+ Kg8 35. Bg5 Kg7 36. Bf6+ Kg8 37. g4 Qb6 38.
Qxb6 Nxb6 39. Be7 Nd5 40. Bc5 f5 41. exf6 Nxf6 42. g5 Nd5 43. Kc2 Kf7 44.
Bd6 Ke8 45. Kd2 Kd7 46. Be5 Kc6 1/2-1/2

[Event "10th EICC"]
[Site "Budva MNE"]
[Date "2009.03.07"]
[Round "2"]
[White "Vrhovnik,D"]
[Black "Kontic,D"]
[Result "0-1"]
[WhiteElo "1976"]
[BlackElo "2369"]
[EventDate "2009.03.06"]

1. e4 c5 2. Nf3 Nc6 3. d4 cxd4 4. c3 d3 5. Bxd3 Qc7 6. O-O e6 7. Qe2 b6 8.
Be3 Bb7 9. Nbd2 Nf6 10. Nd4 Rc8 11. Kh1 Qb8 12. f4 h5 13. Rae1 h4 14. f5 e5
15. Nxc6 Rxc6 16. Bg5 Nh5 17. Rf3 Be7 18. Bxe7 Kxe7 19. Bb5 Ng3+ 20. Rxg3
hxg3 21. h3 Rc5 22. Ba4 Qd6 23. Rd1 Rh4 24. Bc2 Qh6 25. Nf3 Rf4 26. Qe3 d6
27. Ng5 d5 28. Qxg3 dxe4 29. Bb3 Qh4 30. Qxh4 Rxh4 31. Bxf7 Kf6 0-1

[Event "10th EICC"]
[Site "Budva MNE"]
[Date "2009.03.07"]
[Round "2"]
[White "Ogloblin,N"]
[Black "Stamatovic,V"]
[Result "1-0"]
[WhiteElo "2362"]
[BlackElo "1974"]
[EventDate "2009.03.06"]

1. Nf3 Nf6 2. c4 g6 3. Nc3 Bg7 4. d4 d6 5. Bg5 h6 6. Bh4 Bf5 7. Nd2 g5 8.
Bg3 Nbd7 9. e4 Bg6 10. Be2 e5 11. d5 Nc5 12. f3 Nh5 13. b4 Nd7 14. Nf1 f5
15. exf5 Bxf5 16. Ne4 O-O 17. Ne3 Bh7 18. Bd3 Nf4 19. Bc2 Qe7 20. Qd2 Nh5
21. Ng4 Rf7 22. Bf2 Nf4 23. Ne3 Raf8 24. O-O-O a5 25. bxa5 Bxe4 26. Bxe4
Nc5 27. Be1 g4 28. Nxg4 Qd7 29. Ne3 Qa4 30. Kb1 b6 31. Qb4 Qd7 32. Ka1 bxa5
33. Qb5 Qe7 34. g4 Ne2 35. Nf5 Rxf5 36. gxf5 Nd4 37. Qb1 Nxf5 38. Rg1 Nd4
39. Bd2 Qh4 40. Rg4 Qxh2 41. Rdg1 Ndb3+ 42. axb3 Rf7 43. R1g2 Qh5 44. Ka2
1-0

[Event "10th EICC"]
[Site "Budva MNE"]
[Date "2009.03.07"]
[Round "2"]
[White "Zolotukhin,V"]
[Black "Pecurica,M"]
[Result "1-0"]
[WhiteElo "2358"]
[BlackElo "1934"]
[EventDate "2009.03.06"]

1. e4 c5 2. Nf3 d6 3. d4 cxd4 4. Nxd4 Nf6 5. Nc3 Nc6 6. Bg5 e6 7. Qd2 Be7
8. O-O-O Nxd4 9. Qxd4 O-O 10. f3 a6 11. h4 b5 12. e5 dxe5 13. Qxe5 Qb6 14.
Bd3 Bb7 15. h5 h6 16. Be3 Qc6 17. Qg3 Kh8 18. Bd4 Rg8 19. Qf4 Bd6 20. Qd2
Qc7 21. Rh4 e5 22. Be3 Bf8 23. a3 Nd5 24. Nxd5 Bxd5 25. Bf5 Rd8 26. Qf2 Bc4
27. Rhh1 Rxd1+ 28. Rxd1 b4 29. axb4 Bxb4 30. Bd2 Qa5 31. Bxb4 Qxb4 32. Rd7
Rb8 33. c3 Qa4 34. Qb6 Qa1+ 35. Kc2 Rg8 36. Rd8 Qa4+ 37. Kd2 Bb5 38. Rxg8+
Kxg8 39. Qd8+ Be8 40. Bd3 a5 41. b3 Qf4+ 42. Ke2 1-0

[Event "10th EICC"]
[Site "Budva MNE"]
[Date "2009.03.07"]
[Round "2"]
[White "Dedic,S"]
[Black "Van Eijk,S"]
[Result "0-1"]
[WhiteElo "1968"]
[BlackElo "2355"]
[EventDate "2009.03.06"]

1. Nf3 c5 2. e4 Nc6 3. d4 cxd4 4. Nxd4 Nf6 5. Nc3 d6 6. Be2 e5 7. Nf3 h6 8.
h3 Be7 9. Be3 Be6 10. Qd3 Qa5 11. a3 O-O 12. Qb5 Qd8 13. Qxb7 Na5 14. Qa6
Bc8 15. Qd3 Be6 16. O-O Nc4 17. b3 Nxe3 18. Qxe3 Qc8 19. Nh2 Bd8 20. Ra2
Ba5 21. Nb1 Bb6 22. Qd3 d5 23. exd5 Nxd5 24. Bf3 Rd8 25. Qc4 Qd7 26. Rd1
Rac8 27. Qe2 Qc7 28. Bxd5 Rxd5 29. c4 Rxd1+ 30. Qxd1 Rd8 31. Rd2 Rxd2 32.
Qxd2 Qc5 33. g4 h5 34. Kf1 a5 35. a4 e4 36. Nc3 Qe5 37. f4 exf3 38. Nxf3
Qg3 39. Qg2 Qf4 40. Nd5 Qc1+ 41. Ne1 Bd8 42. Qe2 Bh4 43. Qe3 Qa1 44. Nc3
hxg4 45. hxg4 Bxg4 46. Nd5 Qb2 47. Kg1 Qb1 48. Kf1 Be6 49. Qe5 Bh3+ 50. Kg1
Qxe1+ 51. Qxe1 Bxe1 52. Ne7+ Kf8 53. Nc6 Ke8 54. Ne5 f6 55. Nd3 Bc3 56. Kf2
Bf5 57. Nf4 Bc2 58. Ne2 Bb4 59. Nc1 Ba3 60. Na2 Bxb3 0-1

[Event "10th EICC"]
[Site "Budva MNE"]
[Date "2009.03.07"]
[Round "2"]
[White "Plenkovic,Z"]
[Black "Kopischke,M"]
[Result "1-0"]
[WhiteElo "2354"]
[BlackElo "1910"]
[EventDate "2009.03.06"]

1. e4 d6 2. d4 Nf6 3. Nc3 g6 4. Bg5 Bg7 5. e5 Nfd7 6. exd6 cxd6 7. Qd2 Nc6
8. Nf3 Nf6 9. d5 Nb8 10. O-O-O Nbd7 11. Bb5 a6 12. Bxd7+ Bxd7 13. Bh6 Bxh6
14. Qxh6 b5 15. Rhe1 Qa5 16. Qg7 O-O-O 17. Rxe7 Nh5 18. Qd4 f5 19. a3 Rde8
20. Rde1 Rxe7 21. Rxe7 Qd8 22. Re1 Re8 23. Rxe8 Bxe8 24. Qa7 Qa5 25. Nd4
Nf6 26. Nb3 Qc7 27. Qxa6+ Kd8 28. Nd4 1-0

[Event "10th EICC"]
[Site "Budva MNE"]
[Date "2009.03.07"]
[Round "2"]
[White "Kanceljak,D"]
[Black "Berend,F"]
[Result "0-1"]
[WhiteElo "1917"]
[BlackElo "2351"]
[EventDate "2009.03.06"]

1. e4 e6 2. Nf3 d5 3. exd5 exd5 4. d4 Bg4 5. Be2 Bd6 6. Ne5 Bxe2 7. Qxe2
Qe7 8. O-O Nc6 9. Qb5 Bxe5 10. dxe5 O-O-O 11. f4 f6 12. Nc3 a6 13. Qd3 fxe5
14. Nxd5 Qc5+ 15. Be3 Qxd5 16. Qf5+ Qd7 17. Qg5 Nh6 18. f5 Ng8 19. Rad1
Qxd1 20. Rxd1 Rxd1+ 21. Kf2 Rd7 22. Qh4 Nf6 23. c4 Rf8 24. Ke2 Nd4+ 25.
Bxd4 exd4 26. Kd3 Re8 0-1

[Event "10th EICC"]
[Site "Budva MNE"]
[Date "2009.03.07"]
[Round "2"]
[White "Gagic,M"]
[Black "Pesotsky,V"]
[Result "0-1"]
[WhiteElo "1880"]
[BlackElo "2343"]
[EventDate "2009.03.06"]

1. e4 Nf6 2. e5 Nd5 3. d4 d6 4. c4 Nb6 5. exd6 cxd6 6. Nc3 g6 7. Be3 Bg7 8.
Rc1 O-O 9. Bd3 Nc6 10. Nge2 e5 11. d5 Nb4 12. b3 f5 13. f4 g5 14. g3 Nd7
15. O-O Nc5 16. Bb1 gxf4 17. gxf4 e4 18. Kh1 Rf6 19. Bd4 Rg6 20. Bxg7 Kxg7
21. Qd4+ Kf7 22. Rg1 Bd7 23. Rg3 Nbd3 24. Rcg1 Qf6 25. Qe3 Rag8 26. b4 Nxb4
27. Nd4 Nbd3 28. Bxd3 Nxd3 29. Nde2 b6 30. a4 Nc5 31. a5 bxa5 32. Nd4 a6
33. Nc6 a4 34. Ra1 Qh4 35. Kg2 Rh6 36. Rxg8 Qxh2+ 37. Kf1 Kxg8 38. Qg1+ Kf8
39. Qxh2 Rxh2 40. Nxa4 Rh1+ 0-1

[Event "10th EICC"]
[Site "Budva MNE"]
[Date "2009.03.08"]
[Round "3"]
[White "Yemelin,V"]
[Black "Volokitin,And"]
[Result "1/2-1/2"]
[WhiteElo "2578"]
[BlackElo "2671"]
[EventDate "2009.03.06"]

1. e4 e5 2. Nf3 Nf6 3. Nc3 Nc6 4. g3 Bc5 5. Bg2 d6 6. d3 a6 7. O-O h6 8.
Be3 Bxe3 9. fxe3 Bg4 10. h3 Bxf3 11. Qxf3 Ne7 12. g4 c6 13. Ne2 Neg8 14.
Ng3 g6 15. Rf2 Rh7 16. Nf1 Nd7 17. Qg3 h5 18. gxh5 Rxh5 19. Nh2 Qh4 20.
Qxh4 Rxh4 21. Raf1 Rh7 22. Nf3 Ndf6 23. h4 Ke7 24. Bh3 Rf8 25. Kg2 a5 26.
a4 Rh6 27. Kg3 Nh5+ 28. Kg2 Ng7 29. d4 Nf6 30. Nxe5 dxe5 31. Rxf6 Rxh4 32.
dxe5 Rxe4 33. Rd6 Ne6 34. Bxe6 Rxe5 35. Rd7+ Kxe6 36. Rxb7 Rxe3 37. Rc7
Re2+ 38. Rf2 Rxf2+ 39. Kxf2 Kd6 40. Ra7 Rh8 41. Rxf7 Rh2+ 42. Ke3 Rxc2 43.
Rf6+ Kc5 44. Rxg6 Kb4 45. Kd3 Kb3 46. Rg8 Rc1 47. Rb8+ Kxa4 48. Kd2 Rc5 49.
Rb6 Rb5 50. Rxc6 Rxb2+ 51. Kc1 Rb3 52. Ra6 Rb5 53. Rc6 Kb3 54. Kb1 Rh5 55.
Rb6+ Ka3 56. Ka1 Rh2 57. Rb8 a4 1/2-1/2

[Event "10th EICC"]
[Site "Budva MNE"]
[Date "2009.03.08"]
[Round "3"]
[White "Sokolov,Iv NED"]
[Black "Deviatkin,A"]
[Result "1/2-1/2"]
[WhiteElo "2657"]
[BlackElo "2566"]
[EventDate "2009.03.06"]

1. d4 d5 2. c4 c6 3. Nf3 Nf6 4. Nc3 dxc4 5. a4 Bf5 6. Nh4 Bc8 7. e3 e5 8.
Bxc4 exd4 9. exd4 Be7 10. O-O O-O 11. Re1 Na6 12. Nf3 Nd5 13. Bd2 Be6 14.
Qb3 Rb8 15. Ne4 Nac7 16. Neg5 Bf6 17. Qd3 g6 18. Qe4 Bg7 19. Qh4 h6 20.
Nxe6 Nxe6 21. Qh3 Nxd4 22. Nxd4 Bxd4 23. Bxh6 Qf6 24. Qg3 Rfe8 25. Bg5
Bxf2+ 26. Qxf2 Qxg5 27. Bxd5 Qxd5 28. Qxa7 c5 29. Qb6 Rbd8 30. h3 Kg7 31.
Qb5 Rxe1+ 32. Rxe1 c4 33. Qb4 Qd2 34. Qe7 Qd4+ 35. Kh1 Rd7 36. Qe2 c3
1/2-1/2

[Event "10th EICC"]
[Site "Budva MNE"]
[Date "2009.03.08"]
[Round "3"]
[White "Vuckovic,Bo"]
[Black "Inarkiev,E"]
[Result "0-1"]
[WhiteElo "2576"]
[BlackElo "2656"]
[EventDate "2009.03.06"]

1. e4 e5 2. Nf3 Nc6 3. Bb5 a6 4. Ba4 Nf6 5. O-O Be7 6. Re1 b5 7. Bb3 O-O 8.
h3 d6 9. c3 Re8 10. d4 Bb7 11. Nbd2 Bf8 12. d5 Nb8 13. Nf1 Nbd7 14. N3h2
Nc5 15. Bc2 c6 16. b4 Ncd7 17. dxc6 Bxc6 18. Bg5 Qc7 19. Bxf6 Nxf6 20. Ng4
Nxg4 21. hxg4 Be7 22. Bb3 Bg5 23. Qf3 Rf8 24. Ne3 Bxe3 25. Rxe3 Bd7 26. Rd3
a5 27. bxa5 Rxa5 28. Rad1 Ra6 29. R1d2 Be6 30. Qd1 Rd8 31. g5 Qe7 32. g3
Rc6 33. Bd5 Bxd5 34. Rxd5 g6 35. R2d3 Qxg5 36. f4 Qh6 37. Rxe5 b4 38. Qa4
Rxc3 39. Re8+ Rxe8 40. Rxc3 bxc3 41. Qxe8+ Qf8 42. Qc6 Qb8 43. Qxc3 Qb1+
44. Kf2 Qxa2+ 45. Kf3 Qe6 46. Qd4 h5 47. Kf2 Qa2+ 48. Kf3 Qa3+ 49. Kg2 Qc5
50. Qf6 Qc2+ 51. Kf3 Qb3+ 52. Kf2 Qa2+ 53. Kf1 Qd2 54. Qe7 Kg7 55. e5 Qd3+
56. Kf2 Qd4+ 57. Kg2 Qe4+ 58. Kf2 dxe5 59. fxe5 Qc2+ 60. Kf3 Qb3+ 61. Kf4
Qc4+ 62. Kf3 Qe6 63. Qc5 Qg4+ 64. Kf2 Qf5+ 65. Kg2 g5 66. Qd4 Kh7 67. Qe3
Qg4 68. Kf2 Kg6 69. Qb6+ Qe6 70. Qd4 g4 71. Kg1 Qf5 72. Qd6+ Kh7 73. Qe7
Qf3 74. Kh2 Qf2+ 75. Kh1 Qf1+ 0-1

[Event "10th EICC"]
[Site "Budva MNE"]
[Date "2009.03.08"]
[Round "3"]
[White "Shomoev,A"]
[Black "Kobalia,M"]
[Result "1/2-1/2"]
[WhiteElo "2567"]
[BlackElo "2634"]
[EventDate "2009.03.06"]

1. e4 e5 2. Nf3 Nc6 3. Bb5 Nf6 4. O-O Nxe4 5. d4 Nd6 6. Bxc6 dxc6 7. dxe5
Nf5 8. Qxd8+ Kxd8 9. Nc3 Bd7 10. h3 h6 11. Bf4 Kc8 12. Rad1 b6 13. a3 Ne7
14. Rfe1 c5 15. e6 fxe6 16. Ne5 Be8 17. Nc4 Bd7 18. Rd2 Nc6 19. Ne5 Nxe5
1/2-1/2

[Event "10th EICC"]
[Site "Budva MNE"]
[Date "2009.03.08"]
[Round "3"]
[White "Nijboer,F"]
[Black "Fedorchuk,S"]
[Result "0-1"]
[WhiteElo "2560"]
[BlackElo "2633"]
[EventDate "2009.03.06"]

1. e4 e5 2. Nf3 Nc6 3. Bb5 a6 4. Ba4 Nf6 5. O-O b5 6. Bb3 Bb7 7. d3 Be7 8.
a4 O-O 9. Nc3 b4 10. Nd5 Nxd5 11. Bxd5 d6 12. Bd2 Rb8 13. c3 bxc3 14. Bxc3
Qd7 15. Re1 Bf6 16. Bxc6 Qxc6 17. d4 Rfe8 18. Rc1 Qb6 19. d5 c6 20. dxc6
Bxc6 21. Qxd6 Rbd8 22. Qb4 Qxb4 23. Bxb4 Bxa4 24. h3 Re6 25. Rc7 Rb8 26.
Rc4 Bb5 27. Rc3 h6 28. Ba5 Bc6 29. Bc7 Rb5 30. Rc2 Bb7 31. Rd2 Be7 32. Ree2
Kf8 33. Bd8 Bb4 34. Rc2 Ke8 35. Bh4 Rc6 36. Rxc6 Bxc6 37. Bg3 f6 38. Nh4
Bc5 39. Nf5 g6 40. Nxh6 Bd4 41. Ng4 Ke7 42. Bh4 g5 43. Bg3 Rxb2 44. Re1 a5
45. h4 gxh4 46. Bxh4 a4 47. Rc1 Kd6 0-1

[Event "10th EICC"]
[Site "Budva MNE"]
[Date "2009.03.08"]
[Round "3"]
[White "Maletin,P"]
[Black "Van Wely,L"]
[Result "0-1"]
[WhiteElo "2557"]
[BlackElo "2625"]
[EventDate "2009.03.06"]

1. d4 d5 2. c4 c6 3. Nf3 Nf6 4. Nc3 e6 5. Bg5 h6 6. Bh4 dxc4 7. e4 g5 8.
Bg3 b5 9. Ne5 h5 10. h4 g4 11. Be2 Bb7 12. O-O Nbd7 13. Qc2 Nxe5 14. Bxe5
Bg7 15. b3 O-O 16. bxc4 Nh7 17. Bxg7 Kxg7 18. d5 cxd5 19. exd5 bxc4 20.
dxe6 Qxh4 21. Ne4 Bxe4 22. Qxe4 Qf6 23. exf7 c3 24. f4 Rad8 25. Bc4 Rd4 26.
Qe6 Rxf4 27. Qxf6+ Rxf6 28. Rxf6 Nxf6 29. Be6 Rd8 30. Rc1 Ne4 31. Bb3 Rc8
32. Be6 Rd8 33. Bb3 Rc8 34. Be6 Rc5 35. Rf1 Kf8 36. Rb1 Nd6 37. Rb8+ Nc8
38. Rb1 Rc6 39. Bd5 Rc5 40. Be6 Rc6 41. Bd5 Rd6 42. Bb3 Ne7 43. Rc1 Rc6 44.
Rd1 Rc8 45. Be6 c2 46. Rc1 Rc3 47. Bb3 g3 48. Rxc2 Rxc2 49. Bxc2 Kxf7 50.
Kf1 Nc6 51. Bd1 h4 52. Ke2 Kf6 53. Ba4 Nd4+ 54. Ke3 Ke5 55. Bd1 Nb5 56. Bg4
Nc3 57. a3 a5 58. Bd7 Nb1 59. a4 Nc3 60. Kf3 Ne4 61. Bb5 Nf6 62. Bc6 Kf5
63. Bb5 Kg5 64. Bc6 Ng4 65. Bd5 Ne5+ 66. Ke3 Nd7 67. Bc6 Nc5 68. Kf3 Kf5
69. Bb5 Nb3 70. Bd7+ Kg5 71. Bb5 Nd4+ 72. Ke3 Nc2+ 73. Ke2 Kf4 74. Bd7 Nd4+
75. Kd3 Nf5 76. Ke2 Ne3 77. Bc6 Ng4 78. Bb7 Ne5 79. Bd5 Nd7 80. Bb7 Nc5 81.
Bc6 Ne4 82. Bd7 Nc3+ 83. Ke1 Ke3 84. Kf1 Kd2 85. Bc6 Nd1 0-1

[Event "10th EICC"]
[Site "Budva MNE"]
[Date "2009.03.08"]
[Round "3"]
[White "Kovacevic,A"]
[Black "Lupulescu,C"]
[Result "1/2-1/2"]
[WhiteElo "2543"]
[BlackElo "2608"]
[EventDate "2009.03.06"]

1. e4 c5 2. Nf3 d6 3. d4 cxd4 4. Nxd4 Nf6 5. Nc3 Nc6 6. f3 e6 7. Be3 Be7 8.
Qd2 O-O 9. g4 a6 10. O-O-O Nxd4 11. Qxd4 Nd7 12. Kb1 Ne5 13. Be2 b5 14. f4
Nc6 15. Qd2 Bb7 16. Bf3 Na5 17. b3 Qc7 18. Ne2 Rfd8 19. Nd4 Nc6 20. Qf2 Bf6
21. Nxc6 Qxc6 22. Rd3 Bc3 23. Bd2 Bxd2 24. Qxd2 Qc5 25. Rc3 Qb6 26. Rd1
Rac8 27. Rxc8 Bxc8 28. e5 d5 29. Qd4 Qxd4 30. Rxd4 Rf8 31. Kc1 f6 32. exf6
Rxf6 33. g5 Rf8 34. Kd2 Kf7 35. Ke3 Ke7 36. a4 1/2-1/2

[Event "10th EICC"]
[Site "Budva MNE"]
[Date "2009.03.08"]
[Round "3"]
[White "Meier,Geo"]
[Black "Popov,Iv RUS"]
[Result "1-0"]
[WhiteElo "2608"]
[BlackElo "2541"]
[EventDate "2009.03.06"]

1. d4 d5 2. c4 c6 3. Nf3 Nf6 4. e3 Bg4 5. h3 Bxf3 6. Qxf3 e6 7. Nc3 Bb4 8.
Bd2 Nbd7 9. Bd3 O-O 10. a3 Ba5 11. O-O Nc5 12. dxc5 dxc4 13. Bxh7+ Kxh7 14.
Rfd1 b6 15. Rac1 Qd3 16. Nb1 Bxd2 17. Nxd2 bxc5 18. Nxc4 Qb3 19. Qxc6 Rac8
20. Qd6 Rfd8 21. Qxd8 Rxd8 22. Rxd8 Qb7 23. Rd2 Nd5 24. Rdc2 f5 25. Ne5 f4
26. e4 Nf6 27. Nf3 Nxe4 28. Re2 Nd6 29. Rxc5 1-0